Central Library OPAC University of Rajshahi

A selection of speeches / (Record no. 62262)

MARC details
000 -LEADER
fixed length control field 01015nam a2200301 i 4500
001 - CONTROL NUMBER
control field 62262
003 - CONTROL NUMBER IDENTIFIER
rucl marc code BD-RjUL
005 - DATE AND TIME OF LATEST TRANSACTION
control field 20211209081048.0
008 - FIXED-LENGTH DATA ELEMENTS--GENERAL INFORMATION
fixed length control field 170123s1994 au i000 0 eng d
020 ## - INTERNATIONAL STANDARD BOOK NUMBER
International Standard Book Number 3901139036
035 ## - SYSTEM CONTROL NUMBER
System control number (BD-RjUL)62388
040 ## - CATALOGING SOURCE
Original cataloging agency UkOxU
Language of cataloging eng
Description conventions rda
Transcribing agency UkOxU
Modifying agency BD-RjUL
041 ## - LANGUAGE CODE
Language code of text/sound track or separate title eng
082 ## - DEWEY DECIMAL CLASSIFICATION NUMBER
Edition number 23
Classification number 338.27282
Author mark and year SUS 1994
100 0# - MAIN ENTRY--PERSONAL NAME
Personal name Subroto,
Dates associated with a name 1928-
9 (RLIN) 185189
245 12 - TITLE STATEMENT
Title A selection of speeches /
Statement of responsibility, etc. by Dr. Subroto.
246 13 - VARYING FORM OF TITLE
Title proper/short title Viewpoint 1992-94
Title proper/short title Viewpoint 1992-1994
260 ## - PUBLICATION, DISTRIBUTION, ETC. (IMPRINT)
Place of publication, distribution, etc. Vienna :
Name of publisher, distributor, etc. OPEC,
Date of publication, distribution, etc. 1994
300 ## - PHYSICAL DESCRIPTION
Pagination 378 P. ;
Size 23 cm
490 1# - SERIES STATEMENT
Series statement Viewpoint / Organization of the Petroleum Exporting Countries ;
Volume/sequential designation 1992/1994
600 00 - SUBJECT ADDED ENTRY--PERSONAL NAME
Personal name Subroto,
Titles and other words associated with a name Dr.,
Dates associated with a name 1928-
610 20 - SUBJECT ADDED ENTRY--CORPORATE NAME
Corporate name or jurisdiction name as entry element Organization of Petroleum Exporting Countries.
650 #0 - SUBJECT ADDED ENTRY--TOPICAL TERM
Topical term or geographic name as entry element Petroleum industry and trade.
9 (RLIN) 185191
Topical term or geographic name as entry element Speeches, addresses, etc.
9 (RLIN) 185192
830 #0 - SERIES ADDED ENTRY--UNIFORM TITLE
Uniform title Viewpoint (Organization of Petroleum Exporting Countries) ;
Volume number/sequential designation 1994.
942 ## - ADDED ENTRY ELEMENTS (KOHA)
Source of classification or shelving scheme Dewey Decimal Classification
Koha item type Books
Holdings
Lost status Source of classification or shelving scheme Damaged status Not for loan Collection code Permanent Location Current Location Shelving location Date acquired Total Checkouts Full call number Date last seen Copy number Koha item type
  Dewey Decimal Classification   Not For Loan Non-fiction Central Library, University of Rajshahi Central Library, University of Rajshahi Reading Room 25/09/1994   338.27282 SUS 1994 23/01/2017 C-1 Books